| 000 | 00651nam a22002177a 4500 | ||
|---|---|---|---|
| 942 | _cBK | ||
| 999 |
_c629 _d629 |
||
| 005 | 20250420134819.0 | ||
| 008 | 200813b ||||| |||| 00| 0 eng d | ||
| 020 | _a9781861523778 | ||
| 040 |
_aKCST _cKCST |
||
| 082 |
_a658.4012 _bWh Wh |
||
| 100 |
_aWhittington, Richard _d1958- _91262 |
||
| 245 |
_aWhat is strategy, and does it matter? / _cRichard Whittington |
||
| 250 | _a2nd edition | ||
| 260 |
_aUnited Kingdom : _bThompson Learning, _c2001. |
||
| 300 | _a151 p. | ||
| 650 |
_aStrategic planning. _9722 |
||
| 650 |
_aOrganization and Administration. _95127 |
||
| 650 |
_aDecision Making, Organizational. _95128 |
||
| 942 | _2ddc | ||